000 00499nam a22001817a 4500
003 BD-ChCU
005 20260329134242.0
008 260329b bg ||||| |||| 00| 0 ben d
040 _cBD-ChCU
082 _a574 TAG(2)
100 _aTaylor, William T. & Weber, Richard J.
_920873
245 _aGeneral biology.//
_cTaylor, William T. & Weber, Richard J.
250 _a2nd ed,
260 _aNew York
_bNostrand.
_c1968
300 _axv. 977p
650 0 _aBiology.
_920874
942 _2ddc
_cBK
_n0
999 _c111892
_d111892